都道府県庁所在地の最高地点ランキング - Statistics

General Stats
  • This quiz has been taken 123 times
  • The average score is 40 of 47
Answer Stats
最高地点 地方 Answer % Correct
3189m 中部 静岡市(静岡県)
96%
2353m 中部 長野市(長野県)
92%
2986m 中部 富山市(富山県)
91%
2599m 中部 甲府市(山梨県)
91%
1975m 北海道・東北 福島市(福島県)
91%
1841m 北海道・東北 山形市(山形県)
89%
1820m 関東 前橋市(群馬県)
88%
1235m 近畿 津市(三重県)
87%
20m 関東 さいたま市(埼玉県)
87%
1644m 中部 金沢市(石川県)
86%
1585m 北海道・東北 青森市(青森県)
86%
1490m 北海道・東北 仙台市(宮城県)
86%
1488m 北海道・東北 札幌市(北海道)
86%
1427m 北海道・東北 盛岡市(岩手県)
85%
1310m 中国・四国 鳥取市(鳥取県)
85%
1214m 近畿 大津市(滋賀県)
85%
1217m 中国・四国 松山市(愛媛県)
84%
1170m 北海道・東北 秋田市(秋田県)
84%
822m 近畿 奈良市(奈良県)
84%
39m 近畿 大阪市(大阪府)
84%
1177m 中国・四国 高知市(高知県)
83%
1118m 九州・沖縄 宮崎市(宮崎県)
83%
1117m 九州・沖縄 鹿児島市(鹿児島県)
83%
1055m 九州・沖縄 福岡市(福岡県)
83%
1050m 中国・四国 広島市(広島県)
83%
1046m 九州・沖縄 佐賀市(佐賀県)
83%
971m 近畿 京都市(京都府)
83%
931m 近畿 神戸市(兵庫県)
83%
590m 九州・沖縄 長崎市(長崎県)
83%
418m 中部 岐阜市(岐阜県)
83%
198m 中部 名古屋市(愛知県)
83%
170m 関東 水戸市(茨城県)
83%
166m 九州・沖縄 那覇市(沖縄県)
83%
159m 関東 横浜市(神奈川県)
83%
102m 関東 千葉市(千葉県)
83%
1041m 中国・四国 山口市(山口県)
82%
1016m 中国・四国 高松市(香川県)
82%
884m 中部 福井市(福井県)
82%
859m 九州・沖縄 大分市(大分県)
82%
685m 九州・沖縄 熊本市(熊本県)
82%
610m 中国・四国 松江市(島根県)
82%
583m 関東 宇都宮市(栃木県)
82%
490m 近畿 和歌山市(和歌山県)
82%
45m 関東 新宿区(東京都)
82%
773m 中国・四国 徳島市(徳島県)
81%
634m 中部 新潟市(新潟県)
81%
556m 中国・四国 岡山市(岡山県)
81%
No matching quizzes found
Score Distribution
Percent of People with Each Score
Percentile by Number Answered
Your Score History
You have not taken this quiz